000
00329 a2200145 4500
001
153591
040
_c
Escola São Tomás de Aquino
100
_a
AGUIAR, Luiz Antonio
240
1
0
_a
Novelas do tempo
_l
por
245
1
0
_a
Novelas do tempo
362
0
_a
1998
440
1
_a
Ediouro
697
_a
*LITERATURA JUVENIL
942
_c
BK
999
_c
153591
_d
153591